| Tag |
First Indicator |
Second Indicator |
Subfields |
| LEADER |
00000cam a2200000 a 4500 |
| 001 |
in00000024855 |
| 005 |
20151007054425.0 |
| 008 |
870916s1987 enka b 00100 eng d |
| 010 |
|
|
|a gb 87031505
|
| 015 |
|
|
|a GB87-31505
|
| 020 |
|
|
|a 0905028899 (cased) :
|c £19.95 : CIP confirmed
|
| 020 |
|
|
|a 0905028880 (pbk) :
|c £7.95
|
| 035 |
|
|
|a (OCoLC)16465275
|
| 035 |
|
|
|9 AAB5013AM
|
| 040 |
|
|
|a UKM
|c UKM
|d TXA
|d UtOrBLW
|
| 049 |
|
|
|a TXAM
|c [A11489468]
|
| 050 |
1 |
0 |
|a HV2474
|
| 050 |
|
4 |
|a HV2474
|b .S537 1987
|
| 082 |
0 |
|
|a 419
|2 19
|
| 245 |
0 |
0 |
|a Sign and school :
|b using signs in deaf children's development /
|c edited by Jim Kyle.
|
| 264 |
|
1 |
|a Clevedon :
|b Multilingual Matters,
|c [1987]
|
| 264 |
|
4 |
|c ©1987
|
| 300 |
|
|
|a x, 230 pages :
|b illustrations ;
|c 22 cm.
|
| 336 |
|
|
|a text
|b txt
|2 rdacontent
|
| 337 |
|
|
|a unmediated
|b n
|2 rdamedia
|
| 338 |
|
|
|a volume
|b nc
|2 rdacarrier
|
| 490 |
1 |
|
|a Multilingual Matters ;
|v 33
|
| 504 |
|
|
|a Includes bibliography and indexes.
|
| 650 |
|
0 |
|a Sign language.
|
| 650 |
|
0 |
|a Deaf
|x Means of communication.
|
| 650 |
|
0 |
|a Deaf children
|x Language.
|
| 650 |
|
0 |
|a Deafness in children.
|
| 700 |
1 |
|
|a Kyle, J.
|q (James)
|
| 830 |
|
0 |
|a Multilingual matters (Series) ;
|v 33.
|
| 999 |
|
|
|a MARS
|
| 999 |
f |
f |
|s 6153e047-6132-3a63-87c5-44ba42ab732c
|i 9c5def47-0ba6-308a-b52b-2710f715d63d
|t 0
|
| 952 |
f |
f |
|p ric
|a Texas A&M University
|b Rellis Campus
|c Joint Library Facility
|d Remote Storage
|t 0
|e HV2474 .S537 1987
|h Library of Congress classification
|i unmediated -- volume
|m A14811489468
|
| 998 |
f |
f |
|a HV2474 .S537 1987
|t 0
|l Remote Storage
|